Моделирование распределения температурных полей в процессе электроимпульсного плазменного спекания; Перспективы развития фундаментальных наук; Т. 1 : Физика

Λεπτομέρειες βιβλιογραφικής εγγραφής
Parent link:Перспективы развития фундаментальных наук=Prospects of Fundamental Sciences Development: сборник научных трудов XIX Международной конференции студентов, аспирантов и молодых ученых, г. Томск, 26-29 апреля 2022 г./ Национальный исследовательский Томский политехнический университет (ТПУ) ; под ред. И. А. Курзиной, Г. А. Вороновой.— , 2022
Т. 1 : Физика.— 2022.— [С. 194-196]
Κύριος συγγραφέας: Лю Ханьлэй
Συγγραφή απο Οργανισμό/Αρχή: Национальный исследовательский Томский политехнический университет Инженерная школа новых производственных технологий Отделение материаловедения
Άλλοι συγγραφείς: Алишин Т. Р. Тимофей Русланович (научный руководитель), Двилис Э. С. Эдгар Сергеевич
Περίληψη:Заглавие с экрана
This research work is devoted to modeling the SPS process in the program for finite element modeling СOMSOL Multiphysics. As part of the study, the influence of the properties of sintered powders and the geometric parameters of the mold on the distribution of thermal fields in the sintering zone was evaluated.
Γλώσσα:Ρωσικά
Έκδοση: 2022
Θέματα:
Διαθέσιμο Online:http://earchive.tpu.ru/handle/11683/72930
Μορφή: Ηλεκτρονική πηγή Κεφάλαιο βιβλίου
KOHA link:https://koha.lib.tpu.ru/cgi-bin/koha/opac-detail.pl?biblionumber=634702

MARC

LEADER 00000naa2a2200000 4500
001 634702
005 20231101133826.0
035 |a (RuTPU)RU\TPU\conf\36520 
035 |a RU\TPU\conf\36512 
090 |a 634702 
100 |a 20220819d2022 k y0rusy50 ca 
101 0 |a rus  |d eng 
102 |a RU 
105 |a y z 100zy 
135 |a drcn ---uucaa 
181 0 |a i  
182 0 |a b 
200 1 |a Моделирование распределения температурных полей в процессе электроимпульсного плазменного спекания  |d Simulation of the distribution of temperature fields in the process of electric pulsed plasma sintering  |f Лю Ханьлэй, Т. Р. Алишин  |g науч. рук. Э. С. Двилис 
203 |a Текст  |c электронный 
230 |a 1 компьютерный файл (pdf; 430 Kb) 
300 |a Заглавие с экрана 
320 |a [Библиогр.: с. 196 (2 назв.)] 
330 |a This research work is devoted to modeling the SPS process in the program for finite element modeling СOMSOL Multiphysics. As part of the study, the influence of the properties of sintered powders and the geometric parameters of the mold on the distribution of thermal fields in the sintering zone was evaluated. 
461 1 |0 (RuTPU)RU\TPU\conf\36478  |t Перспективы развития фундаментальных наук  |l Prospects of Fundamental Sciences Development  |o сборник научных трудов XIX Международной конференции студентов, аспирантов и молодых ученых, г. Томск, 26-29 апреля 2022 г.  |o в 7 т.  |f Национальный исследовательский Томский политехнический университет (ТПУ) ; под ред. И. А. Курзиной, Г. А. Вороновой  |d 2022 
463 1 |0 (RuTPU)RU\TPU\conf\36479  |t Т. 1 : Физика  |v [С. 194-196]  |d 2022 
510 1 |a Simulation of the distribution of temperature fields in the process of electric pulsed plasma sintering  |z eng 
610 1 |a электронный ресурс 
610 1 |a труды учёных ТПУ 
610 1 |a распределение 
610 1 |a температурные поля 
610 1 |a плазменное спекание 
610 1 |a электроимпульсное плазменное спекание 
610 1 |a SPS 
610 1 |a порошки 
610 1 |a геометрические параметры 
610 1 |a прессовая оснастка 
610 1 |a спекание 
610 1 |a конечно-элементное моделирование 
700 0 |a Лю Ханьлэй 
701 1 |a Алишин  |b Т. Р.  |c специалист в области материаловедения  |c специалист по учебно-методической работе Томского политехнического университета  |f 1995-  |g Тимофей Русланович  |2 stltpush  |3 (RuTPU)RU\TPU\pers\45138 
702 1 |a Двилис  |b Э. С.  |c химик-технолог  |c старший научный сотрудник Томского политехнического университета, профессор, доктор физико-математических наук  |f 1969-  |g Эдгар Сергеевич  |2 stltpush  |4 727 
712 0 2 |a Национальный исследовательский Томский политехнический университет  |b Инженерная школа новых производственных технологий  |b Отделение материаловедения  |h 7871  |2 stltpush  |3 (RuTPU)RU\TPU\col\23508 
801 2 |a RU  |b 63413507  |c 20220908  |g RCR 
856 4 |u http://earchive.tpu.ru/handle/11683/72930 
942 |c BK